000 00913cam a2200241 a 4500
001 000011411
005 20200929162438.0
008 091016s1979 sp 001 0 spa d
020 _a8424935225
040 _aDO-SdBNP
_bspa
_cBNPHU
_dCatalogación noche
082 _a921.9
_bA644v
100 1 _aFilóstrato.
_d175?-294?
_927061
245 1 0 _aVida de apolonio de tiana /
_cFilóstrato ; introducción, traducción y notas de Alberto Bernabé Pajares.
260 _aMadrid :
_bGredos,
_c1979.
300 _a534 p. :
_bil. ;
_c18 cm.
490 1 _aBiblioteca Clásica Gredos
_v18
504 _aIncluye índice general e índice de nombres p.(521-534) y notas al pie de las páginas.
600 1 4 _aAPOLONIO DE TIANA
_xBIOGRAFÍA
_927062
700 1 _aPajares, Alberto Bernabé,
_etr.
_eintrod.
_927063
830 0 _aBiblioteca Clásica Gredos ;
_v18
_98642
910 _aCatalogación derivada / LC
049 _aBNGR
999 _c11117
_d11117